| 000 | 00978cam a2200241 i 4500 | ||
|---|---|---|---|
| 999 |
_c3155 _d3155 |
||
| 005 | 20180724081122.0 | ||
| 008 | 030201s2001 ve ab b f000 0 spa d | ||
| 020 | _a9800412549 | ||
| 040 |
_aAGL _cAGL _dNNC _dDLC _dCO-BoIAVH |
||
| 041 | _aspa | ||
| 044 | _ave | ||
| 082 | 0 | 4 |
_a333.9523 _bI43i |
| 245 | 0 | 0 |
_aInforme sobre las especies exóticas en Venezuela / _ceditores, Juhani Ojasti y [otros tres editores] |
| 260 |
_aCaracas, Venezuela : _bMinisterio del Ambiente y de los Recursos Naturales, _c[2001]. |
||
| 300 |
_a205 páginas : _bilustraciones y mapas ; _c28 cm. |
||
| 500 | _aA la cabeza del título: Oficina Nacional de Diversidad Biológica. | ||
| 650 | 1 | 4 |
_aOrganismos naturalizados _zVenezuela. |
| 650 | 2 | 4 |
_aPlagas anturalizadas _zVenezuela. |
| 650 | 2 | 6 |
_aEspecies introducidas _zVenezuela _vInformes |
| 700 | 1 |
_aOjasti, Juhani, _eeditor. |
|
| 710 | 1 |
_aVenezuela. _bOficina Nacional de Diversidad Biológica. |
|
| 942 |
_2ddc _cLIBRO |
||